书目信息 |
| 题名: |
美学与美育词典
|
|
| 作者: | 顾建华 , 张占华 主编 | |
| 分册: | ||
| 出版信息: | 北京 学苑出版社 1999.02 |
|
| 页数: | 467页 | |
| 开本: | 20cm | |
| 丛书名: | 新编实用知识词典丛书 | |
| 单 册: | ||
| 中图分类: | B83-61 | |
| 科图分类: | ||
| 主题词: | 美学 | |
| 电子资源: | ||
| ISBN: | 7-5077-1520-5 | |
| 000 | 00720nam0 2200241 45 | |
| 001 | 0112180921 | |
| 005 | 20031219104051.9 | |
| 010 | @a7-5077-1520-5@dCNY28.00 | |
| 100 | @a20011218d1999 km y0chiy0120 ea | |
| 101 | 0 | @achi |
| 105 | @a z 000yy | |
| 200 | 1 | @a美学与美育词典@AMei Xue Yu Mei Yu Ci Dian@f顾建华,张占华主编@FGu Jian Hua,Zhang Zhan Hua Zhu Bian |
| 210 | @a北京@c学苑出版社@d1999.02 | |
| 215 | @a467页@d20cm | |
| 225 | @a新编实用知识词典丛书@f何立主编 | |
| 410 | @12001 @a新编实用知识词典丛书 | |
| 410 | @1700 0@a何立@AHe Li@4主编 | |
| 606 | 0 | @a美学 |
| 690 | @aB83-61@v4 | |
| 701 | @a顾建华@4主编 | |
| 701 | 0 | @a张占华@4主编 |
| 801 | @aCN@bTSTC@c20011218 | |
| 905 | @f2@b301613-614@dB83-61@e144 | |
| 美学与美育词典/顾建华,张占华主编.-北京:学苑出版社,1999.02 |
| 467页;20cm.-(新编实用知识词典丛书/何立主编) |
| ISBN 7-5077-1520-5:CNY28.00 |
| ● |
| 相关链接 |
|
|
|
|
正题名:美学与美育词典
索取号:B83-61/144
 
预约/预借
| 序号 | 登录号 | 条形码 | 馆藏地/架位号 | 状态 | 备注 |
| 1 | 0301613 | 203016137 | 第一借阅区/ [索取号:B83-61/144] | 在馆 | |
| 2 | 0301614 | 203016146 | 第一样本阅览室/ [索取号:B83-61/144] | 在馆 |